000 01186nam a22002657a 4500
999 _c65313
_d65313
005 20240530110818.0
008 190704s2019 ua ak g b 00| 0 ara d
017 _a8923
_bمصر. دار الكتب
020 _a9789777332583
040 _aEG-CaGPL
_cEG-CaGPL
082 0 4 _221
_a006.3 /
_bم ذ
100 0 _aمنال البلقاسى
245 1 2 _aالذكاء الاصطناعى صناعة المستقبل :
_bالحاسبات المتوازية - التحكم الالى - البرمجة الوراثية - لغة البرولوج - الخلايا العصبية الاصطناعية /
_cمنال البلقاسى
260 _aالاسكندرية :
_bدار التعليم الجامعى،
_c2019.
300 _a224 ص. :
_bايض ؛
_c24 سم.
504 _aيشتمل على ارجاعات ببليوجرافية
650 0 7 _2qrmak
_aالذكاء الصناعى
650 0 7 _2qrmak
_aالحاسبات الالكترونية
650 0 7 _2qrmak
_aاختزان واسترجاع المعلومات
650 0 7 _2qrmak
_aتصميم النظم
650 0 7 _2qrmak
_aالبرمجة
651 _2qrmak
942 _2ddc
_cBK